| 000 | 01119nam a2200313 c 4500 | ||
|---|---|---|---|
| 999 |
_c343778 _d343778 |
||
| 003 | BLK | ||
| 005 | 20191001103811.0 | ||
| 008 | 180911b bul|||||r ||||||| ||bul|| | ||
| 010 | _a003439 | ||
| 040 | _aBLK | ||
| 041 |
_aDEU _cBUL |
||
| 080 | _z803.0-316.3(038.1) | ||
| 100 | 1 |
_aPETRI, Friedrich _eпърви автор _9397500 |
|
| 245 | 0 | 0 | _aHandbuch der Fremdworter in der deutschen Schrift- und Umgangssprache |
| 250 | _a20. Ster.-Aufl | ||
| 260 |
_aGera _bC. B. Griesbach _c1897 |
||
| 300 |
_a946 с _c23 см |
||
| 380 | _a80 | ||
| 490 |
_aЧастна колекция - Академик Михаил Арнаудов _gДарение - Основен фонд |
||
| 500 | _aМихаил Арнаудов: негови-книга. - Михаил Арнаудов: подпис. - Датиране на книгата : 2. Nov. 1898. Обяснения на думи | ||
| 520 | _a | ||
| 650 |
_aЕзици _9396454 |
||
| 655 |
_aЕзикознание _9396452 |
||
| 700 | 1 |
_aFriedrich Erdman Petri _9397501 |
|
| 700 | 1 |
_a Bearb. von Emanuel Samosts _9397502 |
|
| 852 | _aМА 833 | ||
| 942 |
_cKNG _n0 _s1 |
||
| 944 |
_aCR _c1996 _kValK |
||
| 999 | _d343778 | ||